Monumental propaganda /

Bibliographic Details
Main Author: Voĭnovich, Vladimir, 1932-
Other Authors: Bromfield, Andrew
Format: Book
Language:English
Published: New York : Alfred A. Knopf, 2004.
Edition:1st American ed.
Subjects:

MARC

Tag First Indicator Second Indicator Subfields
LEADER 00000cam a2200000 a 4500
001 in00002000385
005 20151031125319.0
008 030923s2004 nyu 000 1 eng
010 |a  2003060476 
020 |a 0375412352 
035 |a (OCoLC)ocm53099064 
040 |a DLC  |c DLC  |d QUE  |d UtOrBLW 
041 1 |a eng  |h rus 
049 |a TXAM 
050 0 0 |a PG3489.4.I53  |b M6313 2004 
082 0 0 |a 891.73/44  |2 22 
100 1 |a Voĭnovich, Vladimir,  |d 1932- 
240 1 0 |a Monumentalʹnai͡a propaganda.  |l English 
245 1 0 |a Monumental propaganda /  |c Vladimir Voinovich ; translated by Andrew Bromfield. 
250 |a 1st American ed. 
264 1 |a New York :  |b Alfred A. Knopf,  |c 2004. 
300 |a 365 pages ;  |c 25 cm. 
336 |a text  |b txt  |2 rdacontent 
337 |a unmediated  |b n  |2 rdamedia 
338 |a volume  |b nc  |2 rdacarrier 
650 0 |a Russian literature  |v Fiction. 
650 0 |a Russian wit and humor  |v Fiction. 
700 1 |a Bromfield, Andrew. 
945 |i PromptCat 
948 |a cataloged  |b h  |c 2004/10/27  |d c  |e eneff  |f 12:16:00 pm 
994 |a 92  |b TXA 
999 |a MARS 
999 f f |s ada06327-fa22-3ca7-afcc-933929b1f44a  |i d1da8533-2eeb-389f-a4b2-b0e81c9f66d6  |t 0 
952 f f |p ric  |a Texas A&M University  |b Rellis Campus  |c Joint Library Facility  |d Remote Storage  |t 0  |e PG3489.4.I53 M6313 2004  |h Library of Congress classification  |i unmediated -- volume  |m A14832224873 
998 f f |a PG3489.4.I53 M6313 2004  |t 0  |l Remote Storage